№ 11-12; La Langue Fraincaise

Bibliografiske detaljer
Parent link:La Langue Fraincaise=Французский язык - первое сентября: журнал. № 11-12.— , за последние два года
Sprog:fransk
Udgivet: 2016
Format: MixedMaterials Bog
KOHA link:https://koha.lib.tpu.ru/cgi-bin/koha/opac-detail.pl?biblionumber=571107

MARC

LEADER 00000nam2a2200000 4500
001 571107
005 20231101125146.0
035 |a (RuTPU)RU\TPU\prd\268897 
090 |a 571107 
100 |a 20170120a20059999m y0frey50 ba 
101 0 |a fre 
102 |a RU 
200 0 |a № 11-12 
210 |d 2016 
461 1 |0 (RuTPU)RU\TPU\prd\21615  |t La Langue Fraincaise  |l Французский язык - первое сентября  |o журнал  |v № 11-12  |d за последние два года 
801 0 |a RU  |b 63413507  |c 20010227  |g PSBO 
801 1 |a RU  |b 63413507  |c 20170120 
942 |c BK 
999 |a НТБ_ТПУ  |b ЧЗИЛ  |e -1/20170117  |p П-9486ф  |s 1/20160622  |u 0,00  |v 1  |y 13821000814973